Southville International School and Colleges
Your cart is empty.
  • Cart
  • Lists
    Public lists Eva Luna New books Lux_list list_1
    Your lists Log in to create your own lists
  • Log in to your account
  • Your cookies
  • Search history
Southville International School and Colleges
  • Advanced search
  • Recent comments
  • Most popular
  • Libraries

Log in to your account

Log in with GOOGLE


If you do not have an external account, but do have a local account, you can still log in:

  1. Home
  2. MARC view: Jeep ni Juan :
Normal view MARC view ISBD view

Jeep ni Juan : (Record no. 18638)

[ view plain ]
MARC details
000 -LEADER
fixed length control field 00706nam a22002177a 4500
003 - CONTROL NUMBER IDENTIFIER
control field OSt
005 - DATE AND TIME OF LATEST TRANSACTION
control field 20140310183050.0
008 - FIXED-LENGTH DATA ELEMENTS--GENERAL INFORMATION
fixed length control field 130227t xxu||||| |||| 00| 0 eng d
020 ## - INTERNATIONAL STANDARD BOOK NUMBER
International Standard Book Number 9789712725104
050 ## - LIBRARY OF CONGRESS CALL NUMBER
Classification number TL113
Item number .J91 2011
082 ## - DEWEY DECIMAL CLASSIFICATION NUMBER
Classification number F629.2222
Item number .D889 2011
245 ## - TITLE STATEMENT
Title Jeep ni Juan :
Remainder of title a history of the jeep in the Philippines /
Statement of responsibility, etc Juan, Pacita U. ; as told to Tina Arceo-Dumlao and Gerard Jerome C. Dumlao
260 ## - PUBLICATION, DISTRIBUTION, ETC. (IMPRINT)
Place of publication, distribution, etc Manila
Name of publisher, distributor, etc Anvil Publishing Inc.,
Date of publication, distribution, etc 2011
300 ## - PHYSICAL DESCRIPTION
Extent xi, 128 p. :
Other physical details ill. (some col.) ;
Dimensions 21 cm.
504 ## - BIBLIOGRAPHY, ETC. NOTE
Bibliography, etc Includes bibliographical references.
521 ## - TARGET AUDIENCE NOTE
Target audience note
526 ## - STUDY PROGRAM INFORMATION NOTE
Reading level 1210L-1700L
541 ## - IMMEDIATE SOURCE OF ACQUISITION NOTE
-- 1
562 ## - COPY AND VERSION IDENTIFICATION NOTE
Number of copies 1
942 ## - ADDED ENTRY ELEMENTS (KOHA)
Source of classification or shelving scheme Library of Congress Classification
Koha item type Books
Call number prefix Filipininana
Holdings
Withdrawn status Lost status Source of classification or shelving scheme Damaged status Home library Current library Shelving location Date acquired Total Checkouts Full call number Barcode Date last seen Copy number Price effective from Koha item type
    Library of Congress Classification   College Library College Library Filipiniana Section 02/27/2013   TL113 .J91 2011 c15996 05/08/2018 1 02/27/2013 Books

Jeep ni Juan :

APA

(2011). Jeep ni Juan. Manila: Anvil Publishing Inc.

Chicago

2011. Jeep ni Juan. Manila: Anvil Publishing Inc.

Harvard

(2011). Jeep ni Juan. Manila: Anvil Publishing Inc.

MLA

Jeep ni Juan. Manila: Anvil Publishing Inc. 2011.

  • Place hold
  • Print
  • Cite
  • Add to your cart (remove)
  • Save record
    BIBTEX Dublin Core MARCXML MARC (non-Unicode/MARC-8) MARC (Unicode/UTF-8) MARC (Unicode/UTF-8, Standard) MODS (XML) RIS
  • More searches
    Search for this title in:
    Other Libraries (WorldCat) Other Databases (Google Scholar) Online Stores (Bookfinder.com) Open Library (openlibrary.org)

Exporting to Dublin Core...

SOUTHVILLE LIBRARY

Southville International School and Colleges Library

1281 Tropical Ave. Cor. Luxembourg St., BF Homes International, Las Pinas City

Tel. No. 8256374 / 252358 Loc. 117/146

Powered by Koha